| 000 -LEADER |
| fixed length control field |
00612nam a2200217Ia 4500 |
| 001 - CONTROL NUMBER |
| control field |
14792 |
| 003 - CONTROL NUMBER IDENTIFIER |
| control field |
GE_BSU |
| 008 - FIXED-LENGTH DATA ELEMENTS--GENERAL INFORMATION |
| fixed length control field |
181216s||||||||xx |||||||||||||| ||und|| |
| 020 ## - INTERNATIONAL STANDARD BOOK NUMBER |
| International Standard Book Number |
5090104212 |
| 040 ## - CATALOGING SOURCE |
| Transcribing agency |
GE_BSU |
| 080 ## - UNIVERSAL DECIMAL CLASSIFICATION NUMBER |
| Universal Decimal Classification number |
512(075.3)+517(075.3) |
| 100 ## - MAIN ENTRY--PERSONAL NAME |
| Personal name |
Колмогоров,А.Н.и др. |
| 245 ## - TITLE STATEMENT |
| Title |
Алгебра и начала анализа. |
| 245 ## - TITLE STATEMENT |
| Statement of responsibility, etc. |
Под.ред.А.Н.Колмогорова |
| 260 ## - PUBLICATION, DISTRIBUTION, ETC. |
| Place of publication, distribution, etc. |
Москва |
| 260 ## - PUBLICATION, DISTRIBUTION, ETC. |
| Name of publisher, distributor, etc. |
Просвещение |
| 260 ## - PUBLICATION, DISTRIBUTION, ETC. |
| Date of publication, distribution, etc. |
2002 |
| 300 ## - PHYSICAL DESCRIPTION |
| Extent |
384стр.22см. |
| 653 ## - INDEX TERM--UNCONTROLLED |
| Uncontrolled term |
Алгебра и начала анализа. |
| 942 ## - ADDED ENTRY ELEMENTS (KOHA) |
| Koha item type |
წიგნი |